[Event "Hamburg HSK Easter op"]
[Site "Hamburg"]
[Date "2024.03.31"]
[Round "6"]
[White "Haack, Stefan"]
[Black "Hock, Reiner"]
[Result "1-0"]
[WhiteElo "1806"]
[BlackElo "1602"]
[PlyCount "73"]
[EventDate "2024.03.29"]
[EventType "swiss"]
[EventRounds "7"]
[EventCountry "GER"]
[SourceTitle "CB18_2024"]
[SourceDate "2024.05.01"]
[SourceVersion "1"]
[SourceVersionDate "2024.05.01"]
[SourceQuality "2"]

1. e4 c6 2. d4 d5 3. exd5 cxd5 4. c4 Nf6 5. Nc3 e6 6. Nf3 Bb4 7. Ne5 0-0 8. Be3 a6 9. Bd3 dxc4 10. Bxc4 b5 11. Bb3 Bb7 12. 0-0 Nbd7 13. f4 Qc7 14. Rc1 Qd6 15. Qe2 Bxc3 16. bxc3 Bd5 17. g4 Ne4 18. g5 Bxb3 19. axb3 Nxe5 20. dxe5 Qd5 21. c4 bxc4 22. bxc4 Qa5 23. Ra1 Qc7 24. Bd4 f5 25. gxf6 Qb7 26. Rab1 Qc6 27. Rb6 Nc3 28. Qd3 Qe4 29. Qxc3 Qg6+ 30. Qg3 Qxg3+ 31. hxg3 gxf6 32. exf6 Kf7 33. Ra1 Rad8 34. Be5 Rd3 35. Raxa6 Rxg3+ 36. Kf2 Rfg8 37. Rb7+ 1-0

[Event "Hamburg HSK Easter op"]
[Site "Hamburg"]
[Date "2024.03.30"]
[Round "3"]
[White "Schacht, David"]
[Black "Haack, Stefan"]
[Result "1-0"]
[WhiteElo "1704"]
[BlackElo "1806"]
[PlyCount "81"]
[EventDate "2024.03.29"]
[EventType "swiss"]
[EventRounds "7"]
[EventCountry "GER"]
[SourceTitle "CB18_2024"]
[SourceDate "2024.05.01"]
[SourceVersion "1"]
[SourceVersionDate "2024.05.01"]
[SourceQuality "2"]

1. b3 d5 2. Bb2 c5 3. Nf3 Nc6 4. e3 Bg4 5. Be2 Nf6 6. 0-0 e6 7. d3 Be7 8. Nbd2 Qc7 9. c4 0-0 10. Nh4 Bxe2 11. Qxe2 Nd7 12. Nhf3 Bf6 13. Bxf6 Nxf6 14. d4 cxd4 15. Nxd4 Nxd4 16. exd4 Qf4 17. Qe3 Qxe3 18. fxe3 b6 19. Rac1 Rac8 20. Rf4 Rc7 21. e4 dxe4 22. Nxe4 Nxe4 23. Rxe4 Rfc8 24. Re3 Kf8 25. Kf2 Ke7 26. d5 b5 27. dxe6 fxe6 28. Rce1 Rf8+ 29. Kg3 bxc4 30. Rxe6+ Kf7 31. bxc4 Rxc4 32. Re7+ Kg6 33. Rxa7 Rc3+ 34. Kh4 Kh6 35. Re6+ g6 36. g4 Rf4 37. h3 Rd4 38. a4 Rcc4 39. a5 Rxg4+ 40. hxg4 Rxg4+ 41. Kh3 1-0

[Event "FICGS W-ch st1 g07 email"]
[Site "FICGS email"]
[Date "2022.11.02"]
[Round "1"]
[White "Haack, Stefan"]
[Black "Maceda, Coco"]
[Result "0-1"]
[WhiteElo "1544"]
[BlackElo "2235"]
[PlyCount "62"]
[EventDate "2022.??.??"]
[EventType "tourn (corr)"]
[EventRounds "6"]
[SourceTitle "Corr 2024"]
[Source "ChessBase"]
[SourceDate "2023.10.19"]
[SourceVersion "1"]
[SourceVersionDate "2023.10.19"]
[SourceQuality "1"]

1. e4 c5 2. Nf3 d6 3. d4 cxd4 4. Nxd4 Nf6 5. Nc3 a6 6. Be3 e5 7. Nb3 Be6 8. f3 h5 9. Nd5 Bxd5 10. exd5 Nbd7 11. Qd2 g6 12. c4 Bg7 13. Bd3 a5 14. a4 e4 15. Be2 0-0 16. 0-0 exf3 17. gxf3 Re8 18. Ra3 h4 19. Nd4 Rc8 20. Kh1 Qe7 21. Rg1 Nh5 22. Bf1 Qf6 23. Bf2 Ne5 24. Rc3 Rb8 25. Qc1 Ra8 26. Qd2 Rac8 27. Be2 Kh7 28. Qd1 Nf4 29. Bf1 Nxc4 30. Qc1 Bh6 31. Bxc4 Nh3 0-1

[Event "FICGS W-ch st1 g07 email"]
[Site "FICGS email"]
[Date "2022.11.02"]
[Round "1"]
[White "Haack, Stefan"]
[Black "Slawomir, Weglicki"]
[Result "1/2-1/2"]
[WhiteElo "1544"]
[BlackElo "2009"]
[PlyCount "106"]
[EventDate "2022.??.??"]
[EventType "tourn (corr)"]
[EventRounds "6"]
[SourceTitle "Corr 2024"]
[Source "ChessBase"]
[SourceDate "2023.10.19"]
[SourceVersion "1"]
[SourceVersionDate "2023.10.19"]
[SourceQuality "1"]

1. e4 e5 2. Nf3 Nc6 3. c3 d5 4. Qa4 Bd7 5. exd5 Nd4 6. Qd1 Nxf3+ 7. Qxf3 Nf6 8. Bc4 e4 9. Qe2 Bd6 10. d4 0-0 11. h3 b5 12. Bxb5 Bxb5 13. Qxb5 Rb8 14. Qc4 Re8 15. b4 Nh5 16. 0-0 f5 17. Qe2 Qh4 18. Na3 Re7 19. Nc4 g5 20. Bd2 Rf8 21. Ne5 Rg7 22. Kh1 g4 23. Rg1 f4 24. Qxe4 Qxf2 25. Qe1 Qg3 26. Qxg3 Nxg3+ 27. Kh2 Ne4 28. Be1 f3 29. gxf3 gxf3 30. Rxg7+ Kxg7 31. Bg3 Nxc3 32. Nd3 Kg6 33. Rf1 Ne2 34. Be5 Kg5 35. Ne1 Nxd4 36. Bxd6 cxd6 37. Kg3 Ne2+ 38. Kh2 Nd4 39. Kg3 Ne2+ 40. Kh2 f2 41. Nd3 Nc3 42. Nxf2 Kh4 43. Kg1 h5 44. Re1 Nxa2 45. Kg2 Nc3 46. Ne4 Nxd5 47. Nxd6 Nf4+ 48. Kh2 Nxh3 49. Re4+ Rf4 50. Rxf4+ Nxf4 51. b5 Kg4 52. Nc8 Nd5 53. Nxa7 Nb6 1/2-1/2

[Event "Itzehoe op"]
[Site "Itzehoe"]
[Date "2022.10.01"]
[Round "2"]
[White "Haack, Stefan"]
[Black "Christensen, Andreas"]
[Result "0-1"]
[WhiteElo "1677"]
[BlackElo "1835"]
[PlyCount "90"]
[EventDate "2022.10.01"]
[EventType "swiss"]
[EventRounds "5"]
[EventCountry "GER"]
[SourceTitle "CBM 210 Extra"]
[Source "ChessBase"]
[SourceDate "2022.11.30"]
[SourceVersion "1"]
[SourceVersionDate "2022.11.30"]
[SourceQuality "1"]

1. e4 c6 2. d4 g6 3. f4 Bg7 4. Nf3 d5 5. e5 Bg4 6. h3 Bxf3 7. Qxf3 h5 8. Bd3 e6 9. 0-0 Nh6 10. Nd2 Nd7 11. Qg3 Qe7 12. Nf3 0-0-0 13. Bd2 Nf5 14. Bxf5 gxf5 15. a3 Rdg8 16. Qe1 b6 17. c4 Nb8 18. cxd5 cxd5 19. Rc1+ Kb7 20. Bb4 Qd7 21. Bd6 Nc6 22. b4 Rc8 23. Qd2 Bf8 24. Bxf8 Rhxf8 25. Rc3 a6 26. Rfc1 Na7 27. Rxc8 Rxc8 28. Ng5 Rc4 29. Rxc4 dxc4 30. Qc3 b5 31. Kf2 Nc8 32. Qf3+ Kb8 33. Ke3 Nb6 34. Qxh5 Nd5+ 35. Kf3 Qc6 36. Qxf7 c3 37. Qf8+ Ka7 38. Qd6 Kb7 39. Qxc6+ Kxc6 40. Ke2 Nxf4+ 41. Kd1 Kd5 42. g3 Nh5 43. g4 fxg4 44. hxg4 Nf4 45. Nf3 Ke4 0-1

[Event "Pardubice rapid op 33rd"]
[Site "Pardubice"]
[Date "2022.07.21"]
[Round "6"]
[White "Jun, Rudolf Jr"]
[Black "Haack, Stefan"]
[Result "1-0"]
[WhiteElo "2134"]
[BlackElo "1757"]
[PlyCount "71"]
[EventDate "2022.07.20"]
[EventType "swiss (rapid)"]
[EventRounds "9"]
[EventCountry "CZE"]
[SourceTitle "CBM 209 Extra"]
[Source "ChessBase"]
[SourceDate "2022.09.30"]
[SourceVersion "1"]
[SourceVersionDate "2022.09.30"]
[SourceQuality "1"]

1. e4 e5 2. Nf3 Nc6 3. Bb5 a6 4. Ba4 Nf6 5. 0-0 b5 6. Bb3 Be7 7. Re1 0-0 8. c3 d5 9. exd5 Nxd5 10. d4 exd4 11. Nxd4 Nxd4 12. Bxd5 c6 13. Be4 f5 14. Bd3 Ne6 15. Bc2 Qxd1 16. Bxd1 Bf6 17. Bb3 Re8 18. Nd2 Kf8 19. Nf3 Nc5 20. Rxe8+ Kxe8 21. Bc2 g6 22. Bf4 Kf7 23. Re1 Ne6 24. Bb3 Bd7 25. Ne5+ Bxe5 26. Bxe5 Re8 27. f3 h6 28. Kf2 g5 29. h4 Kg6 30. hxg5 hxg5 31. Bc2 Nc5 32. b4 Ne6 33. Rd1 Re7 34. g4 Nf4 35. Bxf4 gxf4 36. Rxd7 1-0

[Event "GER-ch Net Amateur Gr-B Final"]
[Site "Playchess.com INT"]
[Date "2020.04.18"]
[Round "3"]
[White "Haack, Stefan"]
[Black "Ebner, Bruno"]
[Result "0-1"]
[WhiteElo "1627"]
[BlackElo "1722"]
[PlyCount "64"]
[EventDate "2020.04.18"]
[EventType "swiss (blitz)"]
[EventRounds "13"]
[EventCountry "GER"]
[SourceTitle "CBM 195 Extra"]
[Source "ChessBase"]
[SourceDate "2020.05.31"]
[SourceVersion "1"]
[SourceVersionDate "2020.05.31"]
[SourceQuality "1"]

1. e4 c5 2. c3 Nc6 3. d4 cxd4 4. cxd4 g6 5. Nc3 Bg7 6. Be3 d6 7. f4 Nf6 8. Nf3 0-0 9. e5 dxe5 10. fxe5 Nd5 11. Bf2 Qa5 12. Qd2 Be6 13. Nxd5 Qxd2+ 14. Kxd2 Bxd5 15. Bd3 Rfd8 16. a3 Bxf3 17. gxf3 Nxd4 18. Bxd4 Rxd4 19. Ke3 Rad8 20. Rad1 Bxe5 21. b4 a6 22. Rhg1 Bxh2 23. Rg2 Bf4+ 24. Ke2 R8d6 25. Rg4 Re6+ 26. Kf2 Be3+ 27. Kg3 Rxg4+ 28. fxg4 Rd6 29. Kf3 Bd4 30. Ke4 Bb2 31. a4 Rd4+ 32. Ke3 Rxb4 0-1

[Event "GER-ch Net Amateur Gr-B Vor1"]
[Site "Playchess.com INT"]
[Date "2020.04.14"]
[Round "5"]
[White "Becker, Linda"]
[Black "Haack, Stefan"]
[Result "0-1"]
[WhiteElo "1651"]
[BlackElo "1663"]
[PlyCount "34"]
[EventDate "2020.04.14"]
[EventType "swiss (blitz)"]
[EventRounds "9"]
[EventCountry "GER"]
[SourceTitle "EXT 2021"]
[Source "ChessBase"]
[SourceDate "2020.10.23"]
[SourceVersion "1"]
[SourceVersionDate "2020.10.23"]
[SourceQuality "1"]

1. e4 e5 2. Nf3 Nc6 3. d4 exd4 4. Bc4 Nf6 5. e5 d5 6. Bb5 Ne4 7. Nxd4 Bd7 8. Bxc6 bxc6 9. 0-0 Bc5 10. Be3 Bb6 11. f3 Ng5 12. Nc3 c5 13. Nb3 d4 14. Bxg5 Qxg5 15. Ne4 Qxe5 16. Re1 0-0 17. Nexc5 Qd6 0-1

[Event "GER-ch Net Amateur Gr-B Vor1"]
[Site "Playchess.com INT"]
[Date "2020.04.14"]
[Round "2"]
[White "Haack, Stefan"]
[Black "Hermes, Frank"]
[Result "1-0"]
[WhiteElo "1632"]
[BlackElo "1466"]
[PlyCount "109"]
[EventDate "2020.04.14"]
[EventType "swiss (blitz)"]
[EventRounds "9"]
[EventCountry "GER"]
[SourceTitle "EXT 2021"]
[Source "ChessBase"]
[SourceDate "2020.10.23"]
[SourceVersion "1"]
[SourceVersionDate "2020.10.23"]
[SourceQuality "1"]

1. e4 c5 2. c3 Nf6 3. e5 Nd5 4. d4 d6 5. f4 Bf5 6. Nf3 e6 7. Be2 cxd4 8. cxd4 dxe5 9. fxe5 Bxb1 10. Rxb1 Bb4+ 11. Bd2 Ne3 12. Qb3 Qa5 13. Bxb4 Qxb4+ 14. Qxb4 Nc2+ 15. Kf2 Nxb4 16. Bb5+ N8c6 17. a3 a6 18. axb4 axb5 19. Ra1 0-0 20. Rxa8 Rxa8 21. Rc1 Nxb4 22. Rc7 Kf8 23. Rxb7 Nd3+ 24. Kg3 Nxb2 25. Rxb5 Ra2 26. Rb8+ Ke7 27. Ng5 h6 28. Rb7+ Ke8 29. Nxf7 Nd3 30. Nd6+ Kd8 31. Rxg7 Ne1 32. Kh3 Rd2 33. Nf7+ Ke8 34. Nxh6 Rxd4 35. Rg4 Rd5 36. Re4 Nd3 37. Ng4 Nc5 38. Nf6+ Ke7 39. Nxd5+ exd5 40. Rd4 Ke6 41. Kg4 Kxe5 42. Rd1 Ne6 43. h4 Ng7 44. Kg5 d4 45. g4 Ke4 46. Kg6 Ne6 47. h5 Kf4 48. h6 Kxg4 49. h7 Nf8+ 50. Kg7 Nxh7 51. Kxh7 Kf4 52. Rxd4+ Ke5 53. Rg4 Kd5 54. Kg6 Ke5 55. Kg5 1-0

[Event "GER-ch Net Amateur Gr-B Vor1"]
[Site "Playchess.com INT"]
[Date "2020.04.14"]
[Round "9"]
[White "Haack, Stefan"]
[Black "Popp, Michael"]
[Result "1-0"]
[WhiteElo "1688"]
[BlackElo "1680"]
[PlyCount "83"]
[EventDate "2020.04.14"]
[EventType "swiss (blitz)"]
[EventRounds "9"]
[EventCountry "GER"]
[SourceTitle "EXT 2021"]
[Source "ChessBase"]
[SourceDate "2020.10.23"]
[SourceVersion "1"]
[SourceVersionDate "2020.10.23"]
[SourceQuality "1"]

1. e4 e5 2. Nf3 Nc6 3. Bc4 Bc5 4. 0-0 Nf6 5. d3 h6 6. c3 d6 7. Be3 Bb6 8. Nbd2 0-0 9. Re1 Bg4 10. h3 Bh5 11. g4 Bg6 12. Nf1 Na5 13. Ng3 Nxc4 14. dxc4 Nxe4 15. Bxb6 Nxg3 16. Bxc7 Qxc7 17. fxg3 Qxc4 18. Qxd6 e4 19. Ne5 Rad8 20. Nxc4 Rxd6 21. Nxd6 Rd8 22. Nf5 Rd2 23. Rad1 Rxb2 24. Ne7+ Kh7 25. Nxg6 Kxg6 26. Rxe4 Rxa2 27. Re7 Rc2 28. Rxb7 Rxc3 29. Rd6+ Kh7 30. Kg2 Rc2+ 31. Kf3 Rc3+ 32. Kf4 Rc4+ 33. Ke5 Rc3 34. Rxf7 Rxg3 35. Rdd7 Re3+ 36. Kf4 Rxh3 37. Rxg7+ Kh8 38. Rxa7 Rc3 39. Rgb7 Rc4+ 40. Kg3 Rc8 41. Rh7+ Kg8 42. Rxh6 1-0

[Event "GER-ch Net Amateur Gr-B Vor1"]
[Site "Playchess.com INT"]
[Date "2020.04.14"]
[Round "3"]
[White "Schoen, Florian"]
[Black "Haack, Stefan"]
[Result "0-1"]
[WhiteElo "1517"]
[BlackElo "1642"]
[PlyCount "94"]
[EventDate "2020.04.14"]
[EventType "swiss (blitz)"]
[EventRounds "9"]
[EventCountry "GER"]
[SourceTitle "EXT 2021"]
[Source "ChessBase"]
[SourceDate "2020.10.23"]
[SourceVersion "1"]
[SourceVersionDate "2020.10.23"]
[SourceQuality "1"]

1. e4 e5 2. Nf3 Nc6 3. d4 exd4 4. Bc4 Nf6 5. 0-0 Nxe4 6. Re1 d5 7. Bxd5 Qxd5 8. Nc3 Qa5 9. Nxe4 Be6 10. Bg5 h6 11. Bh4 g5 12. Nf6+ Ke7 13. Nxg5 hxg5 14. Bg3 Kxf6 15. Qf3+ Qf5 16. Qe2 Bd6 17. Bxd6 cxd6 18. Rad1 Rae8 19. Qd2 Bd5 20. c3 Rxe1+ 21. Rxe1 Qg4 22. f3 Qf4 23. Qxf4+ gxf4 24. cxd4 Nxd4 25. Rd1 Ke5 26. Re1+ Kf5 27. Rd1 Nxf3+ 28. gxf3 Bxf3 29. Rxd6 Rg8+ 30. Kf2 Be4 31. Rd4 Rg2+ 32. Kf1 Rxb2 33. Rd7 f6 34. h4 Rxa2 35. h5 Kg5 36. Rf7 Kxh5 37. Rxf6 Kg5 38. Re6 Kf5 39. Rd6 a5 40. Rd4 a4 41. Rd1 b5 42. Rc1 b4 43. Rd1 b3 44. Rc1 b2 45. Rc5+ Kg4 46. Rc4 b1Q+ 47. Rc1 Qxc1# 0-1

[Event "GER-ch Net blitz qual3"]
[Site "Playchess.com INT"]
[Date "2020.03.21"]
[Round "2"]
[White "Haack, Stefan"]
[Black "Halt, David"]
[Result "1/2-1/2"]
[WhiteElo "1881"]
[BlackElo "2055"]
[PlyCount "130"]
[EventDate "2020.03.21"]
[EventType "swiss (blitz)"]
[EventRounds "9"]
[EventCountry "GER"]
[SourceTitle "CBM 195 Extra"]
[Source "ChessBase"]
[SourceDate "2020.05.31"]
[SourceVersion "1"]
[SourceVersionDate "2020.05.31"]
[SourceQuality "1"]

1. e4 e5 2. Nf3 Nc6 3. d4 exd4 4. Bc4 Nf6 5. e5 d5 6. Bb5 Ne4 7. Bxc6+ bxc6 8. Nxd4 Bc5 9. Be3 Bxd4 10. Bxd4 c5 11. Be3 d4 12. Bc1 Bb7 13. 0-0 Qd5 14. f3 Ba6 15. fxe4 Qxe5 16. Re1 0-0 17. Qf3 Bb7 18. Qf5 Qe7 19. Bg5 Qd6 20. Bf4 Qb6 21. b3 g6 22. Qe5 Rac8 23. Bh6 f6 24. Qf4 Rf7 25. Nd2 Re8 26. Nc4 Qe6 27. Qg3 Kh8 28. Nd2 Qd7 29. Bf4 g5 30. Bxg5 fxg5 31. Qxg5 Qe6 32. Qxc5 Rd8 33. Nc4 Bxe4 34. Qe5+ Qxe5 35. Nxe5 Rf4 36. g3 Rf5 37. Rxe4 Kg7 38. Rae1 c5 39. Nd3 Kf6 40. Re5 Rxe5 41. Rxe5 c4 42. bxc4 Rb8 43. Rd5 Rb1+ 44. Kf2 Ra1 45. Rxd4 Rxa2 46. Nb4 Rb2 47. c5 Ke5 48. Rh4 Ke6 49. Kf3 a5 50. c6 axb4 51. c7 Kd7 52. Rxh7+ Kc8 53. g4 Rxc2 54. g5 b3 55. Rh6 Kxc7 56. Rh4 Rc5 57. Rb4 Rxg5 58. Rxb3 Kd6 59. Kf4 Rg8 60. h4 Ke6 61. Rb6+ Kf7 62. Kf5 Ra8 63. Rb7+ Kg8 64. h5 Ra5+ 65. Kf6 Rxh5 1/2-1/2

[Event "GER-ch Net blitz qual3"]
[Site "Playchess.com INT"]
[Date "2020.03.21"]
[Round "5"]
[White "Haack, Stefan"]
[Black "Wilde, Pierre"]
[Result "0-1"]
[WhiteElo "1881"]
[BlackElo "2273"]
[PlyCount "30"]
[EventDate "2020.03.21"]
[EventType "swiss (blitz)"]
[EventRounds "9"]
[EventCountry "GER"]
[SourceTitle "CBM 195 Extra"]
[Source "ChessBase"]
[SourceDate "2020.05.31"]
[SourceVersion "1"]
[SourceVersionDate "2020.05.31"]
[SourceQuality "1"]

1. d4 e6 2. c4 Nf6 3. Nc3 Bb4 4. f3 d5 5. a3 Bxc3+ 6. bxc3 c6 7. Bg5 Qa5 8. Bxf6 Qxc3+ 9. Kf2 gxf6 10. cxd5 exd5 11. Nh3 Bxh3 12. gxh3 Nd7 13. e4 Nb6 14. exd5 Nxd5 15. Qc1 Qxd4+ 0-1

[Event "GER-ch Net blitz qual3"]
[Site "Playchess.com INT"]
[Date "2020.03.21"]
[Round "4"]
[White "Rudolf, Thomas"]
[Black "Haack, Stefan"]
[Result "0-1"]
[WhiteElo "2226"]
[BlackElo "1881"]
[PlyCount "34"]
[EventDate "2020.03.21"]
[EventType "swiss (blitz)"]
[EventRounds "9"]
[EventCountry "GER"]
[SourceTitle "CBM 195 Extra"]
[Source "ChessBase"]
[SourceDate "2020.05.31"]
[SourceVersion "1"]
[SourceVersionDate "2020.05.31"]
[SourceQuality "1"]

1. f4 e5 2. fxe5 d6 3. exd6 Bxd6 4. Nf3 g5 5. g3 g4 6. Nh4 Ne7 7. Bg2 Ng6 8. Nxg6 hxg6 9. Nc3 Rxh2 10. Rxh2 Bxg3+ 11. Kf1 Bxh2 12. e4 Qf6+ 13. Ke2 Nc6 14. Nd5 Qe5 15. c3 g3 16. d4 Bg4+ 17. Kd2 Qg5+ 0-1

[Event "Hamburg-chA"]
[Site "Hamburg"]
[Date "2019.06.14"]
[Round "5"]
[White "Jaeger, Thorsten"]
[Black "Haack, Stefan"]
[Result "0-1"]
[WhiteElo "1813"]
[BlackElo "1816"]
[PlyCount "78"]
[EventDate "2019.06.08"]
[EventType "swiss"]
[EventRounds "7"]
[EventCountry "GER"]
[SourceTitle "EXT 2022"]
[Source "ChessBase"]
[SourceDate "2021.10.06"]
[SourceVersion "1"]
[SourceVersionDate "2021.10.06"]
[SourceQuality "1"]

1. d4 Nf6 2. Nf3 d5 3. Bf4 Bf5 4. e3 e6 5. c4 c6 6. Nc3 Nbd7 7. h3 Qb6 8. Qc1 Ne4 9. Be2 Be7 10. 0-0 0-0 11. Nxe4 Bxe4 12. c5 Qd8 13. b4 f6 14. Qc3 Re8 15. a4 Bxf3 16. Bxf3 e5 17. Bg3 e4 18. Be2 f5 19. b5 Nxc5 20. dxc5 Bf6 21. Qb3 Bxa1 22. Rxa1 Qf6 23. Rd1 Rad8 24. bxc6 bxc6 25. Ba6 g5 26. Bc7 Rd7 27. Ba5 f4 28. Bc3 Qf5 29. Bd4 f3 30. g4 Qg6 31. Rb1 h5 32. Qc3 hxg4 33. Rb7 Rxb7 34. Bxb7 Rb8 35. Ba6 Rb1+ 36. Bf1 gxh3 37. Be5 Qf5 38. Bh2 Qg4+ 39. Bg3 h2+ 0-1

[Event "Hamburg-chA"]
[Site "Hamburg"]
[Date "2019.06.09"]
[Round "2"]
[White "Haack, Stefan"]
[Black "Schmeichel, Wolfgang"]
[Result "1-0"]
[WhiteElo "1816"]
[BlackElo "1638"]
[PlyCount "59"]
[EventDate "2019.06.08"]
[EventType "swiss"]
[EventRounds "7"]
[EventCountry "GER"]
[SourceTitle "EXT 2022"]
[Source "ChessBase"]
[SourceDate "2021.10.06"]
[SourceVersion "1"]
[SourceVersionDate "2021.10.06"]
[SourceQuality "1"]

1. e4 c5 2. c3 Nf6 3. e5 Nd5 4. d4 cxd4 5. Nf3 Nc6 6. cxd4 e6 7. Nc3 Nxc3 8. bxc3 d5 9. Bd3 Be7 10. 0-0 0-0 11. Qc2 h6 12. Nd2 Bd7 13. f4 Rc8 14. Qd1 f5 15. exf6 Bxf6 16. Nf3 Be7 17. Bc2 Be8 18. Qd3 g6 19. f5 exf5 20. Bxh6 Rf7 21. Qe3 Bf6 22. g4 Re7 23. Qd2 Re4 24. Bxe4 dxe4 25. Ne5 Nxe5 26. dxe5 Qxd2 27. Bxd2 Bxe5 28. gxf5 Bb5 29. Rf2 Bd6 30. Rc1 1-0

[Event "FICGS rapid E 000224 email"]
[Site "FICGS email"]
[Date "2019.02.18"]
[Round "1"]
[White "Haack, Stefan"]
[Black "Leurette, Marc Antoine"]
[Result "1-0"]
[WhiteElo "1477"]
[BlackElo "1321"]
[PlyCount "43"]
[EventDate "2019.??.??"]
[EventType "tourn (rapid)"]
[EventRounds "6"]
[SourceTitle "Corr 2022"]
[Source "ChessBase"]
[SourceDate "2021.10.24"]
[SourceVersion "1"]
[SourceVersionDate "2021.10.24"]
[SourceQuality "1"]

1. e4 e5 2. Nf3 Nc6 3. d4 exd4 4. Bc4 Bc5 5. c3 dxc3 6. Nxc3 d6 7. e5 dxe5 8. Qd5 Qxd5 9. Nxd5 Nge7 10. Nxc7+ Kf8 11. Nxa8 Bg4 12. Nc7 Bxf3 13. gxf3 f6 14. Ne6+ Ke8 15. Nxc5 b6 16. Ne6 g5 17. h4 h6 18. hxg5 fxg5 19. Bxg5 Nf5 20. Bf6 Rh7 21. 0-0-0 Rc7 22. Nxc7+ 1-0

[Event "FICGS class D 000252 email"]
[Site "FICGS email"]
[Date "2019.02.07"]
[Round "1"]
[White "Haack, Stefan"]
[Black "Eser, Ipekyilmaz"]
[Result "0-1"]
[WhiteElo "1477"]
[BlackElo "1777"]
[PlyCount "40"]
[EventDate "2019.??.??"]
[EventType "tourn (corr)"]
[EventRounds "6"]
[SourceTitle "Corr 2022"]
[Source "ChessBase"]
[SourceDate "2021.10.24"]
[SourceVersion "1"]
[SourceVersionDate "2021.10.24"]
[SourceQuality "1"]

1. e4 g6 2. d4 d6 3. f4 d5 4. e5 f6 5. Nf3 Bg4 6. h3 Bxf3 7. Qxf3 fxe5 8. fxe5 e6 9. Bd3 Qh4+ 10. Qf2 Qxf2+ 11. Kxf2 c6 12. h4 c5 13. c3 Nc6 14. Be3 Nh6 15. h5 Ng4+ 16. Ke2 Nxe3 17. Kxe3 cxd4+ 18. cxd4 Bh6+ 19. Kf2 Ke7 20. hxg6 hxg6 0-1

[Event "FICGS class D 000252 email"]
[Site "FICGS email"]
[Date "2019.02.07"]
[Round "1"]
[White "Uralskiy, Georgiy"]
[Black "Haack, Stefan"]
[Result "1-0"]
[WhiteElo "1700"]
[BlackElo "1477"]
[PlyCount "27"]
[EventDate "2019.??.??"]
[EventType "tourn (corr)"]
[EventRounds "6"]
[SourceTitle "Corr 2022"]
[Source "ChessBase"]
[SourceDate "2021.10.24"]
[SourceVersion "1"]
[SourceVersionDate "2021.10.24"]
[SourceQuality "1"]

1. Nf3 d5 2. d3 c6 3. e4 Nf6 4. Nbd2 Bg4 5. Be2 e6 6. 0-0 Be7 7. c3 0-0 8. Qc2 Na6 9. Re1 Rc8 10. h3 Bxf3 11. Bxf3 b5 12. Nf1 c5 13. Ng3 b4 14. Bd2 1-0

[Event "FICGS class D 000252 email"]
[Site "FICGS email"]
[Date "2019.02.07"]
[Round "1"]
[White "Zmolil, Karel"]
[Black "Haack, Stefan"]
[Result "0-1"]
[WhiteElo "1645"]
[BlackElo "1477"]
[PlyCount "62"]
[EventDate "2019.??.??"]
[EventType "tourn (corr)"]
[EventRounds "6"]
[SourceTitle "Corr 2022"]
[Source "ChessBase"]
[SourceDate "2021.10.24"]
[SourceVersion "1"]
[SourceVersionDate "2021.10.24"]
[SourceQuality "1"]

1. e4 e5 2. Nf3 Nc6 3. Bb5 a6 4. Ba4 Nf6 5. d3 b5 6. Bb3 Be7 7. a3 0-0 8. 0-0 d6 9. h3 h6 10. Nc3 Be6 11. Nd5 Na5 12. Nxe7+ Qxe7 13. Bxe6 fxe6 14. Nh4 Kh7 15. Qe1 Nc6 16. Nf3 g5 17. Qd2 Nh5 18. h4 Rxf3 19. gxf3 Nd4 20. Qd1 Rf8 21. f4 Nxf4 22. Kh1 gxh4 23. c3 Nde2 24. Bxf4 Nxf4 25. Qd2 Qg5 26. Rg1 Qh5 27. Qe3 Ng6 28. Rg2 Rf3 29. Qd2 Nf4 30. Rh2 Rxd3 31. Qc2 Qf3+ 0-1

[Event "Hamburg-ch MB"]
[Site "Hamburg"]
[Date "2018.05.23"]
[Round "5"]
[White "Ristic, Sreten"]
[Black "Haack, Stefan"]
[Result "0-1"]
[WhiteElo "1881"]
[BlackElo "1799"]
[PlyCount "96"]
[EventDate "2018.05.19"]
[EventType "swiss"]
[EventRounds "9"]
[EventCountry "GER"]
[SourceTitle "EXT 2020"]
[Source "ChessBase"]
[SourceDate "2019.10.17"]
[SourceVersion "1"]
[SourceVersionDate "2019.10.17"]
[SourceQuality "1"]

1. e4 e5 2. Nc3 Nc6 3. Nge2 Nf6 4. g3 d6 5. Bg2 Be7 6. d3 Bg4 7. 0-0 Qd7 8. Be3 Bh3 9. Nd5 Bxg2 10. Kxg2 h5 11. h4 0-0-0 12. Nec3 a6 13. a4 Nxd5 14. Nxd5 f5 15. b4 Nd4 16. b5 a5 17. c3 Ne6 18. exf5 Nc5 19. d4 Ne4 20. c4 Nf6 21. Nxe7+ Qxe7 22. d5 b6 23. Bg5 Qd7 24. Qc2 Rdf8 25. f3 Nh7 26. f4 Rxf5 27. fxe5 Rxe5 28. Bf4 Re7 29. Rae1 Nf6 30. Qg6 Rhe8 31. Rxe7 Rxe7 32. Bg5 Re2+ 33. Kg1 Qh3 34. Qf5+ Qxf5 35. Rxf5 Re4 36. Bxf6 gxf6 37. Rxh5 Rxc4 38. Rf5 Rxa4 39. Rxf6 Rg4 40. Kh2 a4 41. Kh3 Rd4 42. h5 Rxd5 43. Kh4 Rxb5 44. Rf4 a3 45. h6 a2 46. Rf1 Rb1 47. h7 Rxf1 48. h8Q+ Kb7 0-1